000 01532nam a22004217a 4500
003 OLSZT 008
005 20260331232238.0
008 260331s2010 pl 2 000 0 pol d
040 _aOLSZT 008/bak
_bpol
_erda
_cOLSZT 008/bak
045 2 _bd1932
_bd1939
046 _k2010
100 1 _aGąsiorowski, Andrzej
_d(1935- ).
_eAutor
_919377
245 1 0 _aZajęcia pozalekcyjne w dokumentach Kuratorium Okręgu Szkolnego Wileńskiego w latach 1932-1939 /
_cAndrzej Gąsiorowski.
260 _aKielce :
_bWydawnictwo Pedagogiczne ZNP.
_c2010.
300 _aStrony [118]-145 ;
_c21 cm.
336 _aText
_btxt
_2rdacontent
337 _aBez urządzenia pośredniczącego
_bn
_2rdamedia
338 _aWolumin
_bnc
_2rdacarrier
380 _aKsiążki
380 _aPublikacje naukowe
388 1 _a2001-
500 _aOdbitka z: Przegląd Historyczno-Oświatowy, nr 1-2, 2010.
500 _aAdres wydawniczy zgodny ze źródłem odbitki.
610 2 7 _aKuratorium Okręgu Szkolnego Wileńskiego
_2DBN
_939367
648 7 _a1901-2000
648 _a1918-1939
650 7 _aPraca pozalekcyjna
_2DBN
_939363
650 7 _aWychowanie pozaszkolne
_2DBN
_939368
651 7 _aLitwa
_2DBN
_935756
651 7 _aPolska
_2DBN
_935076
655 7 _aArtykuł z czasopisma naukowego
_2DBN
_936020
658 7 _aEdukacja i pedagogika
_935185
658 7 _aHistoria
_935177
710 2 _aWydawnictwo Pedagogiczne ZNP.
_eWydawca
_4pbl
_939366
942 _2ddc
_cBK_NM
999 _c27400
_d27400